00783nam a2200265Ia 4500008004100000020002200041050001600063050001800079100002900097245005800126245002900184260001600213260002100229260000900250300001600259300002000275300001100295650002400306650002400330650003200354650004100386650001700427650003200444650004100476160303s9999 xx 000 0 und d a978-971-27-1962-2 aFIL HF 5387 b.M39 2007 c.2 aMaximiano, Jose Mario B. aBusiness ethics and corporate social responsibility / cJose Mario B. Maximiano. aPasig City: bAnvil Pub. Inc., c2007 a232 pages : billustrations ; c22 cm. aBusiness ethics --  aBusiness ethics --  aPhilippines -- Miscellenea. aSocial responsibility of business -- xMiscellenea. xPhilippines -- Miscellenea. xSocial responsibility of business --